000 01089cad a22002055a 4500
001 L151569
008 101118s2010 xxk f 000 0 eng d
035 _a(Sirsi) u151569
041 0 _aeng
110 2 _aWales
_bWelsh Assembly Government
245 0 0 _aNational statistics on the index of production and the index of construction
_bquarter 2, 2010
_h[electronic resource]
260 _aCardiff
_bWelsh Assembly Government
_c2010
490 0 _aNational Statistics on the Index of Production and the Index of Construction
_v(SDR 155/2010) 28 September 2010
520 _aThe Index of Production and the Index of Construction for Wales show the short term movements in the output of industries in the production and construction sectors within Wales including new data for the three months to June relating to the second quarter of 2010.
590 _aKA NTK
651 4 _aWales
_y2007-
690 _aBUILT ENVIRONMENT-CONSTRUCTION MARKET
856 4 0 _uhttps://wales.gov.uk/docs/statistics/2010/100928sdr1552010en.pdf
_zView the item free of charge at http://wales.gov.uk
942 _n0
999 _c111451
_d111451